[Event "TCh-YUG"]
[Site "Herceg Novi YUG"]
[Date "2001.05.20"]
[Round "7"]
[White "Miljanic,B"]
[Black "Pavlovic,Dej"]
[Result "1-0"]
[WhiteElo "2386"]
[BlackElo "2289"]

1.e4 c5 2.Nf3 Nc6 3.Bb5 g6 4.Bxc6 dxc6 5.d3 Bg4 6.Be3 Bg7 7.Nbd2 b6 8.Qc1 Nf6
9.O-O Nd7 10.h3 Bxf3 11.Nxf3 O-O 12.Bh6 e5 13.Nh2 Qe7 14.Bxg7 Kxg7 15.f4 c4
16.fxe5 Qc5+ 17.Kh1 Nxe5 18.Qf4 cxd3 19.Qf6+ Kg8 20.b4 Qb5 21.a4 Qxb4 22.Qxe5 Rae8
23.Qg3 dxc2 24.Ng4 Re6 25.e5 Qb2 26.Rac1 Kh8 27.Qf4 f5 28.exf6 b5 29.axb5 cxb5
30.Qc7  1-0

[Event "IV It"]
[Site "Santo Antonio POR"]
[Date "2001.05.20"]
[Round "2"]
[White "Galego,L"]
[Black "Yakovich,Y"]
[Result "1/2-1/2"]
[WhiteElo "2429"]
[BlackElo "2577"]

1.e4 c5 2.Nf3 Nc6 3.Bb5 g6 4.O-O Bg7 5.Re1 Nf6 6.e5 Nd5 7.Nc3 Nc7 8.a4 O-O
9.d3 b6 10.Bxc6 dxc6 11.h3 Ne6 12.a5 Bd7 13.Ne4 f5 14.exf6 exf6 15.c3 Qc7
16.Qb3 Kh8 17.Bd2 Rab8 18.axb6 axb6 19.Ra3 h6 20.Qa2 Rb7 21.Ng3 Re8 22.d4 cxd4
23.cxd4 Nf8 24.Rxe8 Bxe8 25.Ra8 Rb8 26.Ra7 Rb7 27.Ra8 Rb8 28.Ra7  1/2-1/2

[Event "TCh-RUS"]
[Site "Tomsk RUS"]
[Date "2001.05.20"]
[Round "7"]
[White "Batsanin,D"]
[Black "Nizamov,I"]
[Result "0-1"]
[WhiteElo "2435"]
[BlackElo "2405"]

1.e4 c5 2.Nf3 Nc6 3.Bb5 e6 4.O-O Nge7 5.c3 a6 6.Ba4 b5 7.Bc2 c4 8.d3 cxd3
9.Qxd3 Ng6 10.Qe2 Qc7 11.Be3 Be7 12.Nbd2 O-O 13.Rac1 d6 14.Nd4 e5 15.Nf5 Be6
16.Bb3 Qd7 17.Qd3 Rab8 18.Bd5 Rfc8 19.Rfd1 Bf8 20.Nb3 Rd8 21.Bg5 f6 22.Be3 Nce7
23.Nxe7+ Nxe7 24.c4 Nxd5 25.cxd5 Bf7 26.Na5 Rdc8 27.Nc6 Ra8 28.f3 Bg6 29.g4 Be8
30.Rc2 Qf7 31.Rdc1 Bd7 32.h3 h5 33.Kg2 Qg6 34.Kh2 Qh7 35.Kg2 Qg6 36.b4 Kh7
37.Bf2 Qe8 38.Be3 g6 39.Kh2 Qf7 40.Rg1 f5 41.gxf5 gxf5 42.Bg5 Bh6 43.Rcg2 Rg8
44.exf5 Bxf5 45.Qe3 Rxg5 46.Rxg5 Bg6 47.h4 Re8 48.Qa7 Qxa7 49.Nxa7 Bxg5 50.Rxg5 Bf7
51.Nc6 Bxd5 52.Rxh5+ Kg6 53.Rg5+ Kf6 54.Na5 Bxf3 55.Nb3 Rc8 56.Kg3 Bd5 57.Rh5 Rc3+
58.Kf2 Bxb3 59.axb3 Rxb3  0-1

[Event "Open"]
[Site "Pula CRO"]
[Date "2001.05.21"]
[Round "4"]
[White "Palac,M"]
[Black "Loncar,R"]
[Result "1-0"]
[WhiteElo "2605"]
[BlackElo "2433"]

1.e4 c5 2.Nf3 Nc6 3.Bb5 a6 4.Bxc6 dxc6 5.d3 Qc7 6.Be3 e5 7.a4 a5 8.Na3 f6
9.Nd2 Be6 10.f4 exf4 11.Bxc5 Bxc5 12.Qh5+ Qf7 13.Qxc5 Ne7 14.Nac4 Bxc4 15.Nxc4 O-O
16.O-O Ng6 17.Nxa5 Ne5 18.d4 b6 19.Qxb6 Ng4 20.Rxf4 Rfb8 21.Qc5 Ne3 22.Nxc6 Rxb2
23.d5 g5 24.Rf3 Nxc2 25.Rc1 Rxa4 26.Rxc2  1-0

[Event "TCh-YUG"]
[Site "Herceg Novi YUG"]
[Date "2001.05.23"]
[Round "10"]
[White "Radibratovic,P"]
[Black "Ivanisevic,I"]
[Result "0-1"]
[WhiteElo "2343"]
[BlackElo "2557"]

1.e4 c5 2.Nf3 Nc6 3.Bb5 g6 4.O-O Bg7 5.Re1 Nf6 6.c3 O-O 7.d4 d5 8.exd5 Qxd5
9.Bxc6 Qxc6 10.dxc5 Qxc5 11.Be3 Qc7 12.Bd4 b6 13.Qe2 Re8 14.Be5 Qb7 15.Nbd2 Be6
16.Nd4 Bd7 17.Qf3 Qxf3 18.N2xf3 Bh6 19.Bxf6 exf6 20.Rxe8+ Rxe8 21.Kf1 Kf8
22.Rd1 Re7 23.h3 f5 24.Re1 Bg7 25.Rxe7 Kxe7 26.Ke2 Bf6 27.Ne1 f4 28.Kf3 Bxd4
29.cxd4 Be6 30.b3 g5 31.Ke2 Kd6 32.Kd3 Kd5 33.f3 a5 34.a4 Bc8 35.Kc3 Ba6
36.Nd3 f6 37.Nf2 Ke6 38.Ne4 Bf1 39.d5+ Kxd5 40.Nxf6+ Ke6 41.Ne4 h6 42.h4 gxh4  0-1

[Event "TCh-NOR Final"]
[Site "Langesund NOR"]
[Date "2001.05.23"]
[Round "1"]
[White "Gudbrandsen,G"]
[Black "Lauvsnes,A"]
[Result "1-0"]
[WhiteElo "2277"]
[BlackElo "2274"]

1.e4 c5 2.Nf3 Nc6 3.Bb5 e6 4.O-O Nf6 5.Re1 Be7 6.e5 Nd5 7.c4 Ndb4 8.Nc3 Nd4
9.Ba4 O-O 10.d3 d6 11.Nxd4 cxd4 12.exd6 Bxd6 13.Ne4 a5 14.a3 Na6 15.Qh5 Be7
16.Bd2 f5 17.Ng5 h6 18.Nf3 Nc5 19.Bc2 a4 20.Re2 Bf6 21.Rae1 Bd7 22.Ne5 Be8
23.Qf3 Rc8 24.Bb4 b6 25.Qg3 Qc7 26.f4 Kh7 27.Nf3 Bd7 28.h4 g6 29.Ne5 Bxe5
30.Rxe5 Rf7 31.Qf2 Qd6 32.Qe2 Rg8 33.Kf2 Rf6 34.Qd1 Qc6 35.Qd2 Bc8 36.Bd1 Re8
37.Bxc5 bxc5 38.Qa5 Re7 39.Rxc5 Qe8 40.Bxa4 Bd7 41.Bxd7 Qxd7 42.Qb5 Qa7 43.Rc8 Rb7
44.Qe5 Rxb2+ 45.Re2 Rxe2+ 46.Kxe2 Qg7 47.Rc7 Rf7 48.Qxg7+ Kxg7 49.Rxf7+ Kxf7
50.a4  1-0

[Event "Master Open"]
[Site "Lausanne SUI"]
[Date "2001.05.23"]
[Round "3"]
[White "Zhao Xue"]
[Black "Prie,E"]
[Result "1/2-1/2"]
[WhiteElo "2428"]
[BlackElo "2500"]

1.e4 c5 2.Nf3 Nc6 3.Bb5 g6 4.O-O Bg7 5.Re1 e5 6.Bxc6 dxc6 7.d3 Ne7 8.a4 h6
9.Na3 Be6 10.Be3 b6 11.a5 O-O 12.Nc4 Qc7 13.Ra3 Rad8 14.Qa1 Nc8 15.axb6 axb6
16.Bc1 Bxc4 17.dxc4 f5 18.Nh4 Kh7 19.exf5 gxf5 20.Rh3 e4 21.f3 Qf7 22.Qa4 Rd6
23.Bf4 Re6 24.Qb3 Bd4+ 25.Kf1 Qg7 26.c3 Be5 27.Rg3 Qc7 28.Bxe5 Qxe5 29.Qc2 Qf4
30.Rh3 Rd6 31.g3 Qd2 32.Qxd2 Rxd2 33.Re2 Rxe2 34.Kxe2 Nd6 35.fxe4 fxe4 36.Ke3 Nxc4+
37.Kxe4 Re8+ 38.Kf4 Nxb2 39.g4 c4 40.Nf5 Nd3+ 41.Kf3 Ne5+ 42.Kf4 Nf7 43.Re3 Rxe3
44.Kxe3 Kg6 45.Kd4 Kf6 46.h3 Ng5 47.Nxh6  1/2-1/2

[Event "Open"]
[Site "Fourmies FRA"]
[Date "2001.06.02"]
[Round "2"]
[White "Shchekachev,A"]
[Black "Wallart,A"]
[Result "1-0"]
[WhiteElo "2543"]
[BlackElo "2207"]

1.e4 c5 2.Nf3 Nc6 3.Bb5 g6 4.Bxc6 bxc6 5.O-O Bg7 6.Re1 Nh6 7.c3 O-O 8.d4 cxd4
9.cxd4 f6 10.Nc3 d6 11.b3 Nf7 12.Bb2 Bd7 13.Qd3 Qa5 14.Nd2 Rad8 15.Rad1 Bc8
16.Qc2 Ba6 17.a3 Qb6 18.b4 Rfe8 19.Nb3 Rc8 20.Bc1 Bc4 21.Na5 Be6 22.Qe2 Nd8
23.Be3 Qb8 24.d5 cxd5 25.Nxd5 Nc6 26.Nxc6 Rxc6 27.Rc1 Bxd5 28.exd5 Rxc1 29.Rxc1 Qb7
30.Rc6 Ra8 31.b5 f5 32.Qc4  1-0

[Event "ch-IND"]
[Site "New Delhi IND"]
[Date "2001.06.02"]
[Round "1"]
[White "Roy Chowdhury,S"]
[Black "Sriram,J"]
[Result "1/2-1/2"]
[WhiteElo "2306"]
[BlackElo "2390"]

1.e4 c5 2.Nf3 Nc6 3.Bb5 e6 4.Bxc6 bxc6 5.b3 Nh6 6.Bb2 f6 7.O-O Be7 8.d3 O-O
9.Nbd2 e5 10.h3 d6 11.Re1 Be6 12.Nf1 Qd7 13.Bc1 Nf7 14.Ng3 d5 15.c4 a5 16.a4 dxe4
17.dxe4 Qxd1 18.Rxd1 Rab8 19.Nd2 Rfd8 20.Bb2 Rd3 21.Rac1 Bd8 22.Bc3 Bc7 23.Kf1 Nd8
24.Ke2 Rd7 25.Ke1 Bf7 26.Ne2 Ne6 27.Bb2 g6 28.Rc3 Rbd8 29.Rcc1 f5 30.f3 Rb8
31.Rc3 Nd4 32.Ba3 Bb6 33.Nc1 Rbd8 34.Nd3 Nc2+ 35.Rxc2 Rxd3 36.Bb2 fxe4 37.fxe4 Re3+
38.Kf2 Rxb3 39.Bxe5 Rbd3  1/2-1/2

[Event "2nd IECC"]
[Site "Ohrid MKD"]
[Date "2001.06.02"]
[Round "2"]
[White "Wells,P"]
[Black "Gicev,B"]
[Result "1-0"]
[WhiteElo "2522"]
[BlackElo "2336"]

1.e4 c5 2.Nf3 Nc6 3.Bb5 d6 4.O-O Bd7 5.Re1 Nf6 6.c3 a6 7.Bf1 Bg4 8.d3 e6
9.Nbd2 Be7 10.h3 Bh5 11.g4 Bg6 12.Nh4 Nd7 13.Nxg6 hxg6 14.Nc4 Nde5 15.Nxe5 dxe5
16.Be3 Bd6 17.a3 Qe7 18.b4 O-O 19.Ra2 b5 20.Qa1 Rfd8 21.a4 bxa4 22.bxc5 Bxc5
23.Bxc5 Qxc5 24.Rxa4 g5 25.Rd1 Ne7 26.d4 Qc6 27.Ra5 exd4 28.cxd4 Qxe4 29.Bg2 Qe2
30.Re5 Qc2 31.Rc5 Qb3 32.Rb1 Qd3 33.Rc3 Qg6 34.Bxa8 Rxa8 35.Rcb3 Rc8 36.Qxa6 Qc2
37.Qd3 Qc6 38.Rb8 Ng6 39.d5 exd5 40.Qf5 Re8 41.Qxg5 d4 42.h4 d3 43.Qe3 Rc8
44.Qxd3 Nxh4 45.Rxc8+ Qxc8 46.Qg3  1-0

[Event "ch-IND Women"]
[Site "New Delhi IND"]
[Date "2001.06.03"]
[Round "2"]
[White "Thipsay,B"]
[Black "Aarthie,R"]
[Result "1-0"]
[WhiteElo "2241"]
[BlackElo "2291"]

1.e4 c5 2.Nf3 Nc6 3.Bb5 e6 4.Bxc6 bxc6 5.d3 Ne7 6.Bd2 Ng6 7.h4 h5 8.e5 Be7
9.Qe2 f6 10.Bc3 Kf7 11.Qe3 fxe5 12.Nxe5+ Nxe5 13.Qxe5 Bf6 14.Qxc5 Bxh4 15.Nd2 Qe7
16.Qe3 Bf6 17.Qf3 Kg6 18.Ne4 Bxc3+ 19.bxc3 d5 20.Qg3+ Kh6 21.Ke2 g6 22.Qf4+ g5
23.Nxg5 Qxg5 24.Rxh5+ Kxh5 25.Qf7+ Qg6 26.Rh1+  1-0

[Event "ch-IND"]
[Site "New Delhi IND"]
[Date "2001.06.04"]
[Round "6"]
[White "Sahu,S"]
[Black "Wajih,N"]
[Result "1-0"]
[WhiteElo "2325"]
[BlackElo "2371"]

1.e4 c5 2.Nf3 Nc6 3.Bb5 d6 4.O-O Bd7 5.c3 a6 6.Ba4 c4 7.d4 cxd3 8.Qxd3 g6
9.Nbd2 Bg7 10.Bc2 Nf6 11.Nc4 b5 12.Ne3 O-O 13.Re1 Rc8 14.Nd5 Nxd5 15.exd5 Ne5
16.Nxe5 dxe5 17.Qe2 e6 18.dxe6 Bxe6 19.a4 b4 20.cxb4 Qb6 21.Bd3 Qxb4 22.Bxa6 Rc2
23.Qxc2 Qxe1+ 24.Bf1 Rd8 25.Bg5 Qxa1 26.Bxd8 e4 27.Qxe4 Bxb2 28.a5 Bd4 29.Bb6 Bc4
30.Qe8+ Kg7 31.Bxd4+ Qxd4 32.Qa4  1-0

[Event "2nd IECC"]
[Site "Ohrid MKD"]
[Date "2001.06.04"]
[Round "4"]
[White "Degraeve,JM"]
[Black "Thorfinnsson,Br"]
[Result "1-0"]
[WhiteElo "2589"]
[BlackElo "2292"]

1.e4 c5 2.Nf3 Nc6 3.Bb5 e6 4.Bxc6 bxc6 5.d3 d5 6.O-O Nf6 7.Nbd2 Be7 8.Re1 O-O
9.b3 Nd7 10.Bb2 Bf6 11.Bxf6 Qxf6 12.e5 Qe7 13.Qe2 Re8 14.Nf1 a5 15.a4 Ra7
16.Ng3 Nf8 17.Qd2 Ng6 18.Qc3 f5 19.exf6 gxf6 20.d4 e5 21.dxe5 fxe5 22.Nxe5 Nxe5
23.f4 Nf3+ 24.gxf3 Qf8 25.Rxe8 Qxe8 26.Re1 Re7 27.Rxe7 Qxe7 28.Qxa5 Bh3 29.Qd2 Qf6
30.Kf2 Qa1 31.f5 Kf7 32.Qe3  1-0

[Event "zt 2.4"]
[Site "Sao Paulo BRA"]
[Date "2001.06.09"]
[Round "3"]
[White "Pelikian,J"]
[Black "Matsuura,E"]
[Result "0-1"]
[WhiteElo "2415"]
[BlackElo "2467"]

1.e4 c5 2.Nf3 Nc6 3.Bb5 e6 4.O-O Nge7 5.Re1 a6 6.Bf1 Ng6 7.c3 Be7 8.d4 cxd4
9.cxd4 d5 10.exd5 exd5 11.Nc3 O-O 12.Be3 Bf6 13.Rc1 Nge7 14.Bg5 Bxg5 15.Nxg5 h6
16.Nf3 Bg4 17.Be2 Qd6 18.Ne5 Bxe2 19.Rxe2 Nf5 20.Nxc6 bxc6 21.Rec2 Rfe8 22.Ne2 Re6
23.Rxc6 Qxc6 24.Rxc6 Rxc6 25.Qd3 g6 26.g3 Re8 27.h4 h5 28.Nc3 Rd6 29.Kg2 Nh6
30.Qf3 Ng4 31.Qd3 Rf6 32.Nd1 Re1 33.Qd2 Rxd1 34.Qxd1 Rxf2+ 35.Kg1 Rg2+ 36.Kxg2 Ne3+
37.Kf3 Nxd1 38.b4 Nc3 39.a3 Nb5 40.a4 Nxd4+  0-1

[Event "ch-IND"]
[Site "New Delhi IND"]
[Date "2001.06.10"]
[Round "17"]
[White "Prasad,D"]
[Black "Murugan,K"]
[Result "1/2-1/2"]
[WhiteElo "2440"]
[BlackElo "2390"]

1.e4 c5 2.Nf3 Nc6 3.Bb5 e6 4.O-O Nge7 5.c3 d5 6.exd5 Nxd5 7.Ne5 Bd7 8.Bxc6 Bxc6
9.Nxc6 bxc6 10.d3 Bd6 11.Nd2 O-O 12.g3 Qd7 13.Qe2 e5 14.Nc4 Rae8 15.Bd2 Bc7
16.Be3 Nf4 17.Bxf4 exf4 18.Qf3 Qd5 19.Kg2 f5  1/2-1/2

[Event "2nd IECC"]
[Site "Ohrid MKD"]
[Date "2001.06.10"]
[Round "9"]
[White "Jaracz,P"]
[Black "Nataf,IA"]
[Result "1-0"]
[WhiteElo "2484"]
[BlackElo "2552"]

1.e4 c5 2.Nf3 Nc6 3.Bb5 e6 4.Bxc6 bxc6 5.d3 Ne7 6.O-O Ng6 7.Ng5 e5 8.Qh5 Qf6
9.g3 h6 10.Nh3 d6 11.Kg2 Be7 12.f4 exf4 13.Nxf4 Nxf4+ 14.Rxf4 Qe6 15.Nc3 O-O
16.Bd2 Rb8 17.Rb1 Bg5 18.Rf2 Bxd2 19.Rxd2 Qf6 20.Rf1 Qd4 21.Nd1 a5 22.b3 a4
23.Rf3 Be6 24.Ne3 Qe5 25.Qxe5 dxe5 26.g4 g6 27.h4 Kg7 28.Kg3 Rh8 29.Rdf2 h5
30.g5 Rhd8 31.Rf6 axb3 32.axb3 Rb7 33.Nf1 Re8 34.Nd2 Ree7 35.Nf3 Rbc7 36.Rf1 Bc8
37.Ra1 Bg4 38.Nh2 Be6 39.Ra5 c4 40.bxc4 c5 41.Nf3 Bg4 42.Rd6 Re8 43.Rd5 Bxf3
44.Kxf3 f6 45.gxf6+ Kxf6 46.Rdxc5 Rf7 47.Ke3 Re6 48.Rcb5 Rfe7 49.Ra1 g5 50.Rf1+ Kg6
51.hxg5 h4 52.Rb8 Re8 53.Rxe8 Rxe8 54.Rg1 Kh5 55.g6 h3 56.g7 Rg8 57.Kf3 Kh4
58.Rg4+ Kh5 59.Kg3 h2 60.Rh4+  1-0

[Event "2nd IECC"]
[Site "Ohrid MKD"]
[Date "2001.06.10"]
[Round "9"]
[White "Nevednichy,V"]
[Black "Tiviakov,S"]
[Result "0-1"]
[WhiteElo "2563"]
[BlackElo "2603"]

1.e4 c5 2.Nf3 Nc6 3.Bb5 d6 4.c3 Nf6 5.Qe2 Bd7 6.d4 cxd4 7.cxd4 a6 8.Ba4 e5
9.Bxc6 Bxc6 10.Nc3 Qb8 11.O-O Be7 12.Bg5 O-O 13.Rfd1 Re8 14.dxe5 dxe5 15.Bxf6 Bxf6
16.Nd5 Bd8 17.Rac1 a5 18.Rc3 Qa7 19.h3 Re6 20.b3 h6 21.a4 Kh7 22.Nd2 Be8
23.Nc4 b5 24.axb5 Bxb5 25.Qg4 Rb8 26.Rg3 g6 27.Na3 Be8 28.Qe2 Qc5 29.Nc2 Bb5
30.Qf3 Rb7 31.Nce3 h5 32.Rd2 Bh4 33.Rc2 Qf8 34.Ra2 Bxg3 35.fxg3 Qd8 36.Kh2 Kg7
37.g4 h4 38.g3 hxg3+ 39.Qxg3 Bc6 40.Rf2 Bxd5 41.Nxd5 Qg5 42.h4 Qc1 43.h5 a4
44.bxa4 Rb2 45.Rxb2 Qxb2+ 46.Kh3 Qd4 47.Qf3 Qxa4 48.h6+ Kxh6 49.Qxf7 Qa3+
50.Kg2 Rc6 51.Qf2 Kg7 52.g5 Qa4 53.Qe3 Rc2+ 54.Kg3 Qa1 55.Nb4 Rc3 56.Nd3 Qa3
57.Kh4 Rxd3 58.Qg3 Qd6 59.Qf2 Qf8  0-1

[Event "2nd IECC"]
[Site "Ohrid MKD"]
[Date "2001.06.10"]
[Round "9"]
[White "Sokolov,And"]
[Black "Halkias,S"]
[Result "1-0"]
[WhiteElo "2568"]
[BlackElo "2494"]

1.e4 c5 2.Nf3 Nc6 3.Bb5 d6 4.O-O Bd7 5.Re1 Nf6 6.c3 a6 7.Bf1 Bg4 8.d3 e6
9.Nbd2 Be7 10.h3 Bh5 11.g4 Bg6 12.Nh4 Nd7 13.Ng2 e5 14.Nf3 h5 15.g5 Nf8 16.Ngh4 Qd7
17.d4 exd4 18.cxd4 cxd4 19.Nxd4 Nxd4 20.Qxd4 Ne6 21.Qd5 Bh7 22.Nf5 Rc8 23.Be3 O-O
24.h4 Rfe8 25.Bh3 Bf8 26.Rac1 Rxc1 27.Rxc1 Qa4 28.Ng3 Qb4 29.b3 Nc5 30.f3 Re5
31.Qd4 Qa3 32.Rc2 Re8 33.Qd2 a5 34.Bf5 Bxf5 35.Nxf5 g6 36.Nd4 Qb4 37.Qxb4 axb4
38.Nb5 Ra8 39.Nc7 Ra5 40.Nd5 Rb5 41.Rc4 Nd3 42.Rc8 Ra5 43.Nf6+ Kg7 44.Bd4 Ne5
45.Nd7 Rxa2 46.Nxe5 dxe5 47.Bxe5+ f6 48.Rc7+ Kg8 49.gxf6 Ra8 50.Rxb7 Rd8
51.Kg2 Rd2+ 52.Kg3 Rd8 53.Bf4 Rd1 54.e5 Rg1+ 55.Kf2 Bc5+ 56.Be3  1-0

[Event "2nd IECC"]
[Site "Ohrid MKD"]
[Date "2001.06.12"]
[Round "11"]
[White "Ekstroem,R"]
[Black "Nataf,IA"]
[Result "1-0"]
[WhiteElo "2492"]
[BlackElo "2552"]

1.e4 c5 2.Nf3 Nc6 3.Bb5 e6 4.O-O Nge7 5.Nc3 a6 6.Bxc6 Nxc6 7.d4 cxd4 8.Nxd4 Qc7
9.Re1 Bd6 10.Nxc6 dxc6 11.Qh5 e5 12.Be3 b5 13.a4 Rb8 14.axb5 axb5 15.Ra7 Rb7
16.Rxb7 Bxb7 17.Ne2 O-O 18.Ng3 g6 19.Qf3 Be7 20.h3 Rd8 21.Ra1 c5 22.Qg4 Qc6
23.Bh6 Bc8 24.Qf3 g5 25.Qh5 Qg6 26.Ra7 Re8 27.Rc7 f6 28.h4 Be6 29.hxg5 fxg5
30.Rc6 Qxh5 31.Nxh5 Bg4 32.Nf6+ Bxf6 33.Rxf6 Bd1 34.c3 g4 35.Rf5 Bc2 36.Rg5+ Kf7
37.Rxg4 Rg8 38.Rh4 c4 39.Be3 h5 40.Rxh5 Bxe4 41.f3 Bc6 42.Rxe5 Ra8 43.Bd4 Ra2
44.Re2 Ra4 45.Kf2 b4 46.cxb4 Rxb4 47.Re7+ Kxe7 48.Bc5+ Kf6 49.Bxb4 Ke5 50.Ke3 Ba4
51.Bc3+ Kd5 52.Kf4 Bd1 53.Kg5 Be2 54.f4 Bd1 55.f5 Ba4 56.Kg6  1-0

[Event "White Nights"]
[Site "St Petersburg RUS"]
[Date "2001.06.12"]
[Round "4"]
[White "Zvereva,M"]
[Black "Bogachkov,I"]
[Result "0-1"]
[WhiteElo "2206"]
[BlackElo "2333"]

1.e4 c5 2.Nf3 Nc6 3.Bb5 g6 4.Bxc6 bxc6 5.O-O Bg7 6.d3 d6 7.h3 Nh6 8.Nbd2 O-O
9.Nc4 e5 10.Bd2 f5 11.Re1 f4 12.a3 g5 13.Nh2 Nf7 14.Qh5 d5 15.Ba5 Qe7 16.Nd2 h6
17.Ng4 Rb8 18.b4 Bxg4 19.Qxg4 cxb4 20.axb4 Nd6 21.c4 d4 22.c5 Nb5 23.Nf3 Bf6
24.Nh4 h5 25.Qxh5 gxh4 26.Qg4+ Kh8 27.Kh2 Rg8 28.Qe2 Rg5 29.f3 Rbg8 30.Rg1 Qf7
31.Qc2 Rg3 32.Raf1 Be7 33.Ra1 Kg7 34.Qa4 Qg6 35.Qc2 Kf6 36.Qa2 Qf7 37.Qa4 Qe6
38.Qc2 Kf7 39.Qa4 Rb8 40.Qc2 Rgg8 41.Qa4 Rb7 42.Qc2 Qg6 43.Qb3+ Kf6 44.Kh1 Rgb8
45.Qc2 Qg8 46.Qf2 Ke6 47.Qc2 Kd7 48.Rgc1 Qe6 49.Qa4 Nc3 50.Qc2 Bxc5  0-1

[Event "2nd IECC"]
[Site "Ohrid MKD"]
[Date "2001.06.13"]
[Round "12"]
[White "Iordachescu,V"]
[Black "San Segundo Carrillo,P"]
[Result "1/2-1/2"]
[WhiteElo "2589"]
[BlackElo "2508"]

1.e4 c5 2.Nf3 Nc6 3.Bb5 g6 4.Bxc6 dxc6 5.d3 Bg7 6.h3 Nf6 7.Nc3 Nd7 8.Be3 e5
9.Qd2 Qe7 10.Bh6 Bxh6 11.Qxh6 f6 12.Nd2 Nf8 13.f4 exf4 14.Qxf4 Ne6 15.Qf2 Nd4
16.Nb3 Qe5 17.O-O O-O 18.Rae1 Be6 19.Kh1 Rad8 20.Nxd4 Qxd4 21.Qg3 Qe5 22.Qf2 b6  1/2-1/2

[Event "2nd IECC"]
[Site "Ohrid MKD"]
[Date "2001.06.13"]
[Round "12"]
[White "Basagic,Z"]
[Black "Miladinovic,I"]
[Result "1/2-1/2"]
[WhiteElo "2345"]
[BlackElo "2519"]

1.e4 c5 2.Nf3 Nc6 3.Bb5 e6 4.O-O Nd4 5.Nxd4 cxd4 6.d3 a6 7.Ba4 b5 8.Bb3 Bb7
9.f4 d5 10.f5 e5 11.Nd2 Nf6 12.exd5 Nxd5 13.Ne4 Qd7 14.a4 b4 15.f6 g6 16.Qf3 h5
17.Qg3 Qc7 18.Bg5 h4 19.Bxh4 O-O-O 20.Bg5 Bh6 21.Bxd5 Bxd5 22.Rae1 Kb7 23.Rf2 Bf8
24.b3 Ka7 25.Rfe2 Re8 26.Qf2 Kb7 27.h4 a5 28.Rc1 Qc6 29.Rce1 Re6 30.Qg3 Ka6
31.Qf2 Re8 32.Nd2 Bd6 33.Nf3 Qc7 34.Nd2 Qc6 35.Ne4 Bb8 36.Rf1 Rc8 37.Qg3 Qd7
38.Rff2 Rc6 39.Rd2 Rhc8 40.Kh2 Bxe4 41.dxe4 Rc3 42.Rf3 Rxc2 43.Qh3 Qe8 44.Rxc2 Rxc2
45.Qg4 Qc6 46.Rh3 Ba7 47.Rd3 Bb6 48.Qf3 Kb7 49.Kh3 Bd8 50.g4 Qe6 51.Kg3 Rc3
52.h5 gxh5 53.gxh5 Qxb3 54.Rxc3 Qxc3 55.Qxc3 bxc3 56.h6 c2 57.h7 Bxf6 58.Bxf6 c1=Q
59.h8=Q Qg1+ 60.Kf3 Qe3+ 61.Kg2 Qxe4+ 62.Kf2 Qe3+ 63.Kg2 Qd2+ 64.Kg3 Qd3+
65.Kg2 Qc2+ 66.Kg3 Qg6+ 67.Kf2 Qf5+ 68.Kg2 Qe4+ 69.Kf2 Qe3+ 70.Kg2 Qe2+  1/2-1/2

[Event "2nd IECC"]
[Site "Ohrid MKD"]
[Date "2001.06.14"]
[Round "13"]
[White "Czebe,A"]
[Black "Volzhin,A"]
[Result "1-0"]
[WhiteElo "2502"]
[BlackElo "2528"]

1.e4 c5 2.Nf3 Nc6 3.Bb5 g6 4.Bxc6 bxc6 5.O-O Bg7 6.Re1 Nh6 7.d3 O-O 8.Nbd2 e5
9.Nc4 d6 10.c3 f5 11.Qa4 Qc7 12.Qa5 Qd7 13.Qa4 Rb8 14.a3 Nf7 15.b4 cxb4 16.axb4 fxe4
17.dxe4 Qe6 18.Qxa7 Bb7 19.Qa2 d5 20.Na5 Ba8 21.Be3 Nd6 22.Bc5 Rf4 23.Bxd6 Qxd6
24.Nb3 Rbf8 25.Nc5 Kh8 26.Ng5 R4f6 27.Qa7 h6 28.Nce6  1-0

[Event "zt 2.4"]
[Site "Sao Paulo BRA"]
[Date "2001.06.14"]
[Round "7"]
[White "Vescovi,G"]
[Black "Matsuura,E"]
[Result "1-0"]
[WhiteElo "2572"]
[BlackElo "2467"]

1.e4 c5 2.Nf3 Nc6 3.Bb5 e6 4.Bxc6 bxc6 5.d3 Ne7 6.Qe2 d6 7.e5 d5 8.c4 Nf5
9.O-O Be7 10.b3 O-O 11.Bb2 a5 12.Nc3 Nd4 13.Qd1 f6 14.Na4 fxe5 15.Nxe5 Bd6
16.f4 Qc7 17.Kh1 Bb7 18.Qd2 Rf6 19.g3 Raf8 20.Qg2 Bc8 21.Ba3 Qe7 22.Rae1 Rf5
23.Ng4 Qa7 24.Rc1 Ba6 25.Rfe1 Rc8 26.Re3 Qe7 27.Qd2 h5 28.Nf2 Rcf8 29.Qxa5 Bxf4
30.gxf4 Rxf4 31.Nh3 Rf1+ 32.Rxf1 Rxf1+ 33.Kg2 Qf6 34.Bxc5 Nf5 35.Kxf1 Nxe3+
36.Ke2 Ng4 37.Qxa6 Qe5+ 38.Kd1 Qa1+ 39.Kc2 Qxa2+ 40.Kc3 d4+ 41.Bxd4  1-0

[Event "White Nights"]
[Site "St Petersburg RUS"]
[Date "2001.06.14"]
[Round "6"]
[White "Kochyev,A"]
[Black "Borisenko,An"]
[Result "1-0"]
[WhiteElo "2424"]
[BlackElo "2359"]

1.Nf3 c5 2.e4 Nc6 3.Bb5 e6 4.O-O Nge7 5.c3 a6 6.Ba4 b5 7.Bc2 Bb7 8.Re1 e5
9.d4 d6 10.a4 Ng6 11.d5 Na5 12.b4 Nc4 13.axb5 axb5 14.Rxa8 Qxa8 15.Bd3 cxb4
16.cxb4 Be7 17.Nc3 O-O 18.Nxb5 Nb6 19.Be3 Nd7 20.Nd2 Qb8 21.Na7 Nf4 22.Bf1 Nf6
23.b5 Nd7 24.Nc6 Qe8 25.Nc4 Nf6 26.Bxf4  1-0

[Event "White Nights"]
[Site "St Petersburg RUS"]
[Date "2001.06.14"]
[Round "6"]
[White "Yandemirov,V"]
[Black "Shariyazdanov,A"]
[Result "1/2-1/2"]
[WhiteElo "2472"]
[BlackElo "2594"]

1.e4 c5 2.Nf3 Nc6 3.Bb5 e6 4.Bxc6 bxc6 5.d3 Ne7 6.Bd2 Ng6 7.h4 h5 8.e5 f6
9.Qe2 Nxe5 10.Nxe5 fxe5 11.Qxe5 Qf6 12.Bc3 Qxe5+ 13.Bxe5 d6 14.Bg3 e5  1/2-1/2

[Event "White Nights"]
[Site "St Petersburg RUS"]
[Date "2001.06.15"]
[Round "7"]
[White "Borisenko,An"]
[Black "Kharashkina,B"]
[Result "1-0"]
[WhiteElo "2359"]
[BlackElo "2173"]

1.e4 c5 2.Nf3 Nc6 3.Bb5 e6 4.Bxc6 bxc6 5.d3 Ne7 6.Nbd2 Ng6 7.h4 h5 8.Nc4 Be7
9.Bd2 d6 10.g3 Nf8 11.e5 d5 12.Ne3 Nd7 13.Ng2 Qb6 14.b3 a5 15.c4 a4 16.Rb1 axb3
17.axb3 Qb8 18.Bf4 Qb4+ 19.Kf1 Bd8 20.Nge1 Ra2 21.Kg2 Bc7 22.Nc2 Qb8 23.Re1 Ba5
24.Re2 Bc3 25.Nce1 Ra7 26.Qc1 Ba5 27.Ng5 Ba6 28.Nef3 Bc7 29.Ra2 Qb6 30.Rba1 Nb8
31.b4 Rb7 32.bxc5 Qxc5 33.Be3 Qb4 34.Rxa6 Nxa6 35.Rxa6 O-O 36.Rxc6 Rd8 37.cxd5  1-0

[Event "St John's University"]
[Site "New York USA"]
[Date "2001.06.18"]
[Round "1"]
[White "Gersov,E"]
[Black "Bonin,J"]
[Result "1-0"]
[WhiteElo "2265"]
[BlackElo "2381"]

1.e4 c5 2.Nf3 Nc6 3.Bb5 Na5 4.Nc3 a6 5.Be2 d6 6.d4 cxd4 7.Nxd4 g6 8.Be3 Bg7
9.Nd5 e6 10.Nxe6 fxe6 11.Bb6 exd5 12.Bxd8 Kxd8 13.Qxd5 Nc6 14.Qxd6+ Ke8 15.O-O-O Be5
16.Qc5 Nf6 17.g3 Be6 18.f4 Bc7 19.Qc3 Rf8 20.Bc4 Bxc4 21.Qxc4 Rf7 22.Qe6+ Kf8
23.e5 Ng8 24.Rd7 Re7 25.Rxe7 Ngxe7 26.h4 Rd8 27.h5 Nd4 28.Qc4 Rd7 29.hxg6 hxg6
30.Rh7 Rd5 31.c3 Ndc6 32.Rxe7 Nxe7 33.Qxc7 Rd3 34.g4 Nd5 35.Qd6+ Kg7 36.Kc2  1-0

[Event "Hotel Lippa IM"]
[Site "Szentgotthard HUN"]
[Date "2001.06.19"]
[Round "7"]
[White "Ruck,T"]
[Black "Titz,Hei"]
[Result "1/2-1/2"]
[WhiteElo "2303"]
[BlackElo "2301"]

1.e4 c5 2.Nf3 Nc6 3.Bb5 d6 4.d4 cxd4 5.Qxd4 Bd7 6.Bxc6 Bxc6 7.Nc3 e6 8.Bg5 Nf6
9.O-O-O Be7 10.Qd3 Qa5 11.Bd2 Qc7 12.Nd4 a6 13.f4 b5 14.Nxc6 Qxc6 15.e5 dxe5
16.fxe5 Nd7 17.Qg3 b4 18.Qxg7 Rf8 19.Nb1 Qe4 20.Rhe1 Qg6 21.Qxg6 fxg6 22.Rf1 Rf5
23.Rxf5 exf5 24.Re1 Rc8 25.b3 Rc6 26.Kb2 Kf7 27.a3 a5 28.axb4 axb4 29.c3 Nc5
30.Kc2 Ne4 31.Kd3 Ke6 32.cxb4 Nxd2 33.Nxd2 Bxb4 34.Re2 Rc3+ 35.Kd4 Rc2 36.Kd3 Rc3+
37.Kd4 Rc2 38.Kd3  1/2-1/2

[Event "TSGM"]
[Site "Belgrade YUG"]
[Date "2001.06.21"]
[Round "6"]
[White "Pikula,D"]
[Black "Simic,R"]
[Result "1/2-1/2"]
[WhiteElo "2504"]
[BlackElo "2429"]

1.e4 c5 2.Nf3 Nc6 3.Bb5 g6 4.Bxc6 dxc6 5.d3 Bg7 6.h3 Nf6 7.Be3 Nd7 8.Nc3 e5
9.Qd2 O-O 10.Bh6 Re8 11.Bxg7 Kxg7 12.O-O-O Nf8 13.Nh2 Ne6 14.Ne2 Nd4 15.Nxd4 cxd4  1/2-1/2

[Event "43rd Tch-POR"]
[Site "Barreiro POR"]
[Date "2001.06.22"]
[Round "5"]
[White "Mainka,R"]
[Black "Morais,V"]
[Result "1-0"]
[WhiteElo "2472"]
[BlackElo "2128"]

1.e4 c5 2.Nf3 Nc6 3.Bb5 Nd4 4.Nxd4 cxd4 5.O-O e6 6.c3 Bc5 7.d3 Ne7 8.Nd2 a6
9.Ba4 b5 10.Bc2 Nc6 11.Qh5 Bb6 12.e5 d5 13.exd6 Qxd6 14.a4 bxa4 15.Nc4 Qc7
16.Bf4 Qxf4 17.Nxb6 Rb8 18.Qc5 Qc7 19.Nc4 dxc3 20.bxc3 Kd8 21.Bxa4 Ne7 22.Qd4+ Bd7
23.Ne5  1-0

[Event "43rd Tch-POR"]
[Site "Barreiro POR"]
[Date "2001.06.24"]
[Round "7"]
[White "Spraggett,K"]
[Black "Rocha,S"]
[Result "1-0"]
[WhiteElo "2526"]
[BlackElo "2380"]

1.e4 c5 2.Nf3 Nc6 3.Bb5 d6 4.c3 a6 5.Bxc6+ bxc6 6.d4 cxd4 7.cxd4 g6 8.h3 Bg7
9.Nc3 f6 10.O-O Nh6 11.b3 Nf7 12.Bb2 O-O 13.Re1 a5 14.Qc2 Ba6 15.Rad1 Qb8
16.h4 Bc8 17.Na4 Qb5 18.d5 c5 19.Nd2 Ne5 20.Bxe5 fxe5 21.Nc4 Bf6 22.Nab6 Ra6
23.Nxc8 Rxc8 24.a4 Qd7 25.Qd3 Rca8 26.Qg3 Kh8 27.Rf1 Rg8 28.f4 exf4 29.Rxf4 g5
30.hxg5 Rxg5 31.Qf3 Qd8 32.Kf2 Ra8 33.g4 Rg6 34.Rh1 Bd4+ 35.Ke2 Qg8 36.Rf7 Rg7
37.Rxg7 Qxg7 38.Qf5 Bf6 39.Rh5 Bc3 40.g5 Rg8 41.Rh3 Ba1 42.Nxa5 Qb2+ 43.Kf3 Rg7
44.Qf8+ Rg8 45.Rxh7+  1-0